1579 1736 1805 1182 1278 1650 1085 1253 1943 1301 1103 1585 1639 1040 1563 1648 1993 1825 1922 1730 1944 1126 1556 1802 1220 1361 1375 1326 1692 1035 1889 1396 1068 1680 1227 1189 1789 1200 1695 1842 1105 1239 1150 1495 1932 1095 1214 1703 1713 1272 1791 1111 1778 1923 1315 1387 1969 1901 1192 1960 1926 1945 1547 1421 1029 1199 1155 1399 1624 1405 1086 1358 1420 1172 1654 1736 1187 1719 1328 1994 1834 1177 1504 1923 1898 1066 1121 1037 1684 1152 1342 1918 1569 1264 1776 1254 1451 1599 1007 BCNSPRNW ULIB Ver.6.0+V

เปลี่ยนเป็นภาษาไทย

Change to English
 แสดงรายละเอียดบรรณานุกรม
  กลับหน้าหลัก

Brief Record : Get Marc (ISO 2709) : E-mail record : QR code < ปิดหน้าต่าง
LEADER : 00000nam 2200000uu 4500
001    13399127491
003     ULIB
008    200617s2562||||th 000 0 tha d
020    ู^a9786160038183
050  0 ^aนว^bก398ค
100    ^aกัลฐิดา
245    ^aคิวรัก...หมายเลขหนึ่ง
250    ^aพิมพ์ครั้งที่ 1
260    ^aกรุงเทพฯ :^bพิมพ์คำ,^c2562
300    ^a372 หน้า;^b21 ซม.
650    ^aนวนิยาย
945    ^p260^l0^i28397
999    ^aกัณชพร จุลอักษร
รายการนี้ยังไม่มีแท็ก
คุณยังไม่ได้ล็อกอิน คุณสามารถมีกิจกรรมร่วมกับเว็บไซต์ได้ แต่ต้องล็อกอินก่อน ::
  ล็อกอิน

รายการสื่อสารสนเทศ

ลำดับที่ ประเภท เลขเรียก/บาร์โค้ด สถานที่ สถานะ
1. นวนิยาย
นวนิยาย
นว ก398ค ฉ.1 
  Barcode: 28397
ห้องสมุดวิทยาเขตนครสวรรค์
►หนังสือทั่วไป:l:General Books
บนชั้น

รายการใกล้เคียง
    ชื่อเรื่อง [คิวรัก...หมายเลขหนึ่ง]

    ผู้แต่ง [กัลฐิดา]

    หัวเรื่อง [นวนิยาย]

BibComment


ยังไม่เคยถูกคอมเมนท์

คอมเมนท์ทรัพยากรรายการนี้
  คอมเมนท์: คิวรักหมายเลขหนึ่ง


 Copyright 2026. Bcnsprnw @Library